000 00556nam a22001817a 4500
005 20251108175455.0
008 250721s2016 xx 000 0 ara d
082 1 4 _a811.009/عصف
100 1 _aجابر، عصفور
245 1 0 _aرؤيا حكيم محزون : قراءات في شعر صلاح عبد الصبور /
264 1 _aدبي :
_bدار الصدى،
_c2016.
300 _a359 ص.
650 1 7 _aالشعر العربي
650 1 7 _aالنقد الأدبي
650 1 7 _aليل الموضوعي
942 _2ddc
_cBK
999 _c134963
_d134963